New packing for industrial pollution control system (Record no. 63865)

MARC details
000 -LEADER
fixed length control field 00438nam a2200157Ia 4500
100 ## - MAIN ENTRY--AUTHOR NAME
Personal name Rao Prem Prasada
245 #0 - TITLE STATEMENT
Title New packing for industrial pollution control system
260 ## - PUBLICATION, DISTRIBUTION, ETC. (IMPRINT)
Name of publisher Rubber International Magazine
Year of publication 2003
300 ## - PHYSICAL DESCRIPTION
Number of Pages 88-89,93
650 ## - SUBJECT ADDED ENTRY--TOPICAL TERM
Topical Term Eco-efficiency tip
650 ## - SUBJECT ADDED ENTRY--TOPICAL TERM
Topical Term EPI system
650 ## - SUBJECT ADDED ENTRY--TOPICAL TERM
Topical Term Industrial pollution
650 ## - SUBJECT ADDED ENTRY--TOPICAL TERM
Topical Term Pollution control
942 ## - ADDED ENTRY ELEMENTS (KOHA)
Koha item type Journals
Holdings
Withdrawn status Lost status Damaged status Not for loan Home library Current library Shelving location Date acquired Serial Enumeration / chronology Koha item type
      Journals RRII Library RRII Library Rubber general 17/12/2021 Volume 5, Issue 5 Journals